| 000 | 00838nam a22002772 4500 | ||
|---|---|---|---|
| 001 | 20252 | ||
| 003 | UkOxU | ||
| 005 | 20211209000535.0 | ||
| 008 | 140227r19431940enk 000 1 eng d | ||
| 035 | _aBD-RjUL) 20314 | ||
| 040 |
_aBGU _cBGU _dEQO _dBD-RjUL _beng |
||
| 041 | _aeng | ||
| 082 | 0 | 4 |
_a823.9 _bHUF 1943 |
| 100 | 1 |
_aHume, David _d1900-1945 _962426 |
|
| 245 | 1 | 0 |
_aFive aces / _cby David Hume. |
| 260 |
_aLondon : _bWm. Collins Sons & Co., _cc1942. |
||
| 300 |
_a158 p. ; _c18 cm. |
||
| 490 | 1 | _aCollins mystery novels | |
| 490 | 1 | _aWhite circle pocket novel | |
| 490 | 1 | _aVintage Collins white circle pocket novel | |
| 650 | 0 |
_aFive aces _962427 |
|
| 830 | 0 |
_aCollins mystery novels _962428 |
|
| 830 | 0 |
_aWhite circle pocket novel _962434 |
|
| 830 | 0 |
_aVintage Collins white circle pocket novel _962430 |
|
| 942 |
_2ddc _cBK |
||
| 999 |
_c20252 _d20252 |
||